000 00617nam a2200241 a 4500
001 nice12345678
003 IN_TiNIC
005 20260116011400.0
008 050524s1925 dela grp 000 0 urd
020 _a
_c0.5
082 0 0 _a305.6945097
_bNIZ
100 _aNizami, Khawaja Hasan
245 _aTablighi Ishtaharon Ka Majmooa and Other.
260 _aDelhi
_bMatbua Barqi Press
_c1925
300 _a132p
500 _aincludes index and biblioraphy
505 2 _areference
650 _aIslam-Relations Hinduism
700 1 _aNizami, Khawaja Hasan
902 _bSRS
942 _cBK
999 _c1037
_d1037